Statistics for Emoji Quiz - Countries

Click here to take the quiz!

General Stats

  • This quiz has been taken 182 times
  • The average score is 6 of 18

Answer Stats

HintAnswer% Correct
In๐ŸฆŒIndia
85%
๐Ÿ‘”1Taiwan
63%
๐Ÿ‘๐Ÿƒโ€โ™‚๏ธIran
54%
๐Ÿณ๐ŸณWales
54%
๐Ÿ‘ขanBhutan
51%
U๐Ÿ—Ukraine
49%
๐Ÿ””๐Ÿ‹๏ธโ€โ™€๏ธBelgium
45%
๐Ÿ‘™z๐Ÿค’Brazil
41%
๐Ÿ‘๐ŸŒงBahrain
30%
๐ŸŒhmBahamas
26%
๐Ÿ•‹aCuba
23%
๐ŸฅถeChile
21%
๐Ÿ•o๐ŸฆŒCambodia
18%
E๐Ÿชจ๐Ÿ‘‚Estonia
16%
๐Ÿฅซ+๐ŸCanada
14%
๐Ÿ›๐ŸaColombia
13%
๐Ÿ‘’๐Ÿ‘•Haiti
13%
๐Ÿ˜‹๐ŸŒฎ๐Ÿ”Hungary
13%

Score Distribution

Percentile by Number Answered

Percent of People with Each Score

Your Score History

You have not taken this quiz